STN EN ISO 14064-2: 2021 (83 9064), Skleníkové plyny Časť 2 Pokyny na kvantifikáciu a monitorovanie zníženia emisií a zvýšenia odstránení skleníkových plynov a podávanie správ na úrovni projektu (ISO 14064-2: 2019)

Táto norma je slovenskou verziou európskej normy EN ISO 14064-2: 2019. Preklad zabezpečil Úrad pre normalizáciu, metrológiu a skúšobníctvo Slovenskej republiky. Táto norma má rovnaké postavenie, ako majú oficiálne verzie

Bibliographic Details
Other Authors: Borovská, Daša (Translator)
Format: Book
Language:Slovak
English
PhysicalDescription:36 s. obr. 30 cm
Published: Bratislava Úrad pre normalizáciu, metrológiu a skúšobníctvo Slovenskej republiky 2021
Subjects:

MARC

LEADER 00000cam a2200000 a 4500
001 vtls012062093
003 SK-MaSNL
005 20260301014614.0
008 210715s2021 xo a f u 000 0 slo
015 |a SNBN2022 
040 |a SNK  |b slo  |c SNK  |e AACR2 
041 1 |a slo  |h eng 
044 |a xo  |c SK 
046 |a s  |m 20210201 (účin.) 
072 7 |a 504  |x Znečistenie a poškodenie životného prostredia  |2 konspekt 
080 |a 504.7  |2 2011 
080 |a 006.7/.8  |2 2011 
080 |a (437.6)  |2 2011 
080 |a (4)  |2 2011 
084 |a 13.020.40  |2 ICS 
130 0 |a STN 83 9064 (STN EN ISO 14064-2)  |9 303171 
245 1 0 |a STN EN ISO 14064-2: 2021 (83 9064), Skleníkové plyny  |n Časť 2  |p Pokyny na kvantifikáciu a monitorovanie zníženia emisií a zvýšenia odstránení skleníkových plynov a podávanie správ na úrovni projektu (ISO 14064-2: 2019) 
246 1 0 |a Skleníkové plyny. Časť 2 
246 1 0 |a Pokyny na kvantifikáciu a monitorovanie zníženia emisií a zvýšenia odstránení skleníkových plynov a podávanie správ na úrovni projektu 
246 3 0 |a ISO 14064-2: 2019 
246 3 0 |a EN ISO 14064-2: 2019 SK 
260 |a Bratislava  |b Úrad pre normalizáciu, metrológiu a skúšobníctvo Slovenskej republiky  |c 2021 
300 |a 36 s.  |b obr.  |c 30 cm 
500 |a Súbežný názov v angličtine, francúzštine, nemčine 
500 |a Spracovateľ: Daša Borovská, Bratislava 
500 |a Táto norma nahrádza anglickú verziu STN EN ISO 14064-2 z novembra 2019, ktorá od 1.11.2019 nahradila STN EN ISO 14064-2 z apríla 2007 v celom rozsahu 
504 |a Súvisiace právne predpisy s. 2 ; literatúra s. 34 
520 8 |a Táto norma je slovenskou verziou európskej normy EN ISO 14064-2: 2019. Preklad zabezpečil Úrad pre normalizáciu, metrológiu a skúšobníctvo Slovenskej republiky. Táto norma má rovnaké postavenie, ako majú oficiálne verzie 
540 |a STN vydané na akomkoľvek nosiči sa môžu rozmnožovať a rozširovať iba so súhlasom určenej právnickej osoby  |b SÚTN Bratislava  |c zákon 60/2018 Z. z. 
650 0 7 |a skleníkové plyny  |2 SNKPH  |9 28934 
650 0 7 |a technické normy a štandardy  |z Slovensko  |2 SNKPH  |9 79594 
650 0 7 |a technické normy a štandardy  |z krajiny Európskej únie  |2 SNKPH  |9 289341 
650 0 7 |a Greenhouse gases  |2 SNKPHeng  |9 274762 
655 7 |a normy  |2 SNKPH  |9 70643 
700 1 |a Borovská, Daša  |4 trl  |9 303172 
710 1 |a Slovensko.  |b Úrad pre normalizáciu, metrológiu a skúšobníctvo  |4 stn  |9 158117 
710 2 |a Slovenský ústav technickej normalizácie (Bratislava, Slovensko).  |b Technická komisia č. 72 Enviromentálne manažérstvo  |4 stn  |9 303173 
852 |a Štátna vedecká knižnica v Banskej Bystrici 
958 |a OP 
958 |a NB 
999 |c 558855  |d 560785 
952 |a SNK  |b SNK  |y PREZ  |7 0  |p 17A1469970  |o snkSTN EN ISO 14064-2  |i snk2021/19641  |8 0  |0 0  |1 0  |4 0  |d 2021-11-30  |l 0  |r 2026-02-23 13:33:52  |w 2026-02-23 
952 |a SNK  |b SNK  |y PREZ  |7 0  |p 17A1469971  |o snkSTN EN ISO 14064-2 D1  |i snk2021/19643  |8 0  |0 0  |1 0  |4 0  |d 2021-11-30  |l 0  |r 2026-02-23 13:33:52  |w 2026-02-23